| 000 | 00375nam a2200157Ia 4500 | ||
|---|---|---|---|
| 003 | Ost | ||
| 005 | 20260225132538.0 | ||
| 008 | 260225s9999||||xx |||||||||||||| ||und|| | ||
| 040 | _cfsic | ||
| 041 | _afre | ||
| 082 | _a341.6 | ||
| 100 |
_aF.A.CAT _eAuteur |
||
| 245 | 0 | _aGuerre génocide torture : | |
| 245 | 0 |
_bla réconciliation à quel prix / _cF.A.CAT |
|
| 942 | _cكتاب | ||
| 999 |
_c33317 _d33317 |
||